000 00338 a2200109 4500
001 ART_12587
005 20260410161907.0
008 260409a
245 1 0 _aThe rate of return, taxation and personal savings
100 1 _aFeldstein, Martin
773 0 _tThe Economic Journal
_g- Vol. 88, NÂș 351 (set. 1978)
_wREV12512
999 _c26482
_d26482